Frank Ocean - Top 25 najczęściej odtwarzanych piosenek - Statystyki

Ogólne statystyki
  • Ten quiz został rozwiązany 10 razy
  • Średni wynik to 18 z 25
Statystyki odpowiedzi
Hint Odpowiedź % Poprawnych
Blonde Ivy
100%
Blonde Pink + White
100%
Blonde White Ferrari
100%
Singiel Chanel
89%
channel ORANGE Lost
89%
Blonde Nights
89%
Singiel Novacane
89%
channel ORANGE Super Rich Kids
89%
channel ORANGE Thinkin Bout You
89%
Blonde Nikes
78%
channel ORANGE Pyramids
78%
Blonde Solo (Reprise)
78%
Blonde Godspeed
67%
Blonde Seigfried
67%
Blonde Self Control
67%
channel ORANGE Sweet Life
67%
Singiel Swim Good
67%
channel ORANGE Bad Religion
56%
Singiel Biking
56%
channel ORANGE Crack Rock
56%
channel ORANGE Forrest Gump
56%
Singiel In My Room
56%
Singiel Moon River
56%
Singiel Provider
56%
channel ORANGE Pink Matters
22%
Nie znaleziono quizów pasujących do podanych kryteriów
Rozkład punktacji
Procent ludzi z każdym wynikiem
Percentyl według liczby udzielonych odpowiedzi
Twoja historia wyników
Nie rozwiązałeś tego quizu